[Event "World Youth & Cadets Blitz Championships"]
[Site "Rhodes, Greece"]
[Date "2022.05.03"]
[Round "1.1"]
[White "Krivenko, Dion"]
[Black "Nogerbek, Kazybek"]
[Result "0-1"]
[TimeControl "5'/game & 2\"/move"]
[WhiteElo "1978"]
[BlackElo "2441"]

1. e4 {[%clk 00:05:03]} Nc6 {[%clk 00:05:03]} {[%emt 00:00:01]} 2. Nc3 {[%clk
00:05:02]} {[%emt 00:00:04]} Nf6 {[%clk 00:04:58]} {[%emt 00:00:07]} 3. Nf3
{[%clk 00:04:28]} {[%emt 00:00:36]} d6 {[%clk 00:04:57]} {[%emt 00:00:02]} 4.
d4 {[%clk 00:04:22]} {[%emt 00:00:08]} g6 {[%clk 00:04:56]} {[%emt 00:00:02]} 5.
Be3 {[%clk 00:04:23]} {[%emt 00:00:03]} Bg7 {[%clk 00:04:56]} {[%emt 00:00:01]}
6. h3 {[%clk 00:04:22]} {[%emt 00:00:04]} O-O {[%clk 00:04:54]} {[%emt
00:00:03]} 7. Be2 {[%clk 00:04:18]} {[%emt 00:00:07]} e5 {[%clk 00:04:54]}
{[%emt 00:00:01]} 8. Qd2 {[%clk 00:04:16]} {[%emt 00:00:05]} exd4 {[%clk
00:04:44]} {[%emt 00:00:12]} 9. Nxd4 {[%clk 00:04:16]} {[%emt 00:00:01]} Re8
{[%clk 00:04:45]} {[%emt 00:00:01]} 10. O-O-O {[%clk 00:04:14]} {[%emt
00:00:05]} Nxe4 {[%clk 00:04:33]} {[%emt 00:00:14]} 11. Nxe4 {[%clk 00:04:14]}
{[%emt 00:00:02]} Rxe4 {[%clk 00:04:33]} {[%emt 00:00:01]} 12. Nxc6 {[%clk
00:03:52]} {[%emt 00:00:25]} bxc6 {[%clk 00:04:33]} 13. Bf3 {[%clk 00:03:53]}
{[%emt 00:00:01]} Rc4 {[%clk 00:04:23]} {[%emt 00:00:12]} 14. Be2 {[%clk
00:03:31]} {[%emt 00:00:25]} Ra4 {[%clk 00:04:22]} {[%emt 00:00:02]} 15. Kb1
{[%clk 00:03:20]} {[%emt 00:00:14]} Bf5 {[%clk 00:04:13]} {[%emt 00:00:10]} 16.
g4 {[%clk 00:03:15]} {[%emt 00:00:07]} Rb8 {[%clk 00:04:06]} {[%emt 00:00:09]}
17. b3 {[%clk 00:02:34]} {[%emt 00:00:44]} Rxb3+ {[%clk 00:04:06]} 0-1

[Event "World Youth & Cadets Blitz Championships"]
[Site "Rhodes, Greece"]
[Date "2022.05.03"]
[Round "1.2"]
[White "Subelj, Jan"]
[Black "Ochedzan, Tymon"]
[Result "1-0"]
[TimeControl "5'/game & 2\"/move"]
[WhiteElo "2328"]
[BlackElo "1965"]

1. d4 {[%clk 00:05:03]} {[%emt 00:00:01]} Nf6 {[%clk 00:05:03]} {[%emt
00:00:02]} 2. Nf3 {[%clk 00:05:03]} {[%emt 00:00:01]} c5 {[%clk 00:05:02]}
{[%emt 00:00:03]} 3. d5 {[%clk 00:05:02]} {[%emt 00:00:03]} g6 {[%clk
00:04:52]} {[%emt 00:00:12]} 4. Nc3 {[%clk 00:05:01]} {[%emt 00:00:03]} Bg7
{[%clk 00:04:50]} {[%emt 00:00:03]} 5. e4 {[%clk 00:05:01]} {[%emt 00:00:02]}
d6 {[%clk 00:04:49]} {[%emt 00:00:04]} 6. Be2 {[%clk 00:05:00]} {[%emt
00:00:03]} O-O {[%clk 00:04:44]} {[%emt 00:00:06]} 7. O-O {[%clk 00:04:58]}
{[%emt 00:00:04]} Na6 {[%clk 00:04:27]} {[%emt 00:00:20]} 8. h3 {[%clk
00:04:41]} {[%emt 00:00:19]} Nc7 {[%clk 00:04:26]} {[%emt 00:00:03]} 9. a4
{[%clk 00:04:41]} {[%emt 00:00:02]} Rb8 {[%clk 00:04:14]} {[%emt 00:00:14]} 10.
Re1 {[%clk 00:04:29]} {[%emt 00:00:14]} b6 {[%clk 00:03:59]} {[%emt 00:00:17]}
11. Bf4 {[%clk 00:04:06]} {[%emt 00:00:25]} a6 {[%clk 00:03:54]} {[%emt
00:00:07]} 12. e5 {[%clk 00:04:04]} {[%emt 00:00:03]} Nh5 {[%clk 00:03:40]}
{[%emt 00:00:16]} 13. Bh2 {[%clk 00:04:05]} {[%emt 00:00:02]} f5 {[%clk
00:03:25]} {[%emt 00:00:17]} 14. Ng5 {[%clk 00:03:47]} {[%emt 00:00:19]} Bh6
{[%clk 00:02:46]} {[%emt 00:00:42]} 15. Bxh5 {[%clk 00:03:11]} {[%emt
00:00:38]} Bxg5 {[%clk 00:02:46]} {[%emt 00:00:03]} 16. Bf3 {[%clk 00:03:11]}
{[%emt 00:00:01]} b5 {[%clk 00:02:39]} {[%emt 00:00:10]} 17. axb5 {[%clk
00:03:08]} {[%emt 00:00:04]} axb5 {[%clk 00:02:39]} {[%emt 00:00:02]} 18. e6
{[%clk 00:03:08]} {[%emt 00:00:01]} Bf6 {[%clk 00:02:35]} {[%emt 00:00:07]} 19.
Rb1 {[%clk 00:02:43]} {[%emt 00:00:28]} Ra8 {[%clk 00:02:33]} {[%emt 00:00:04]}
20. Ne2 {[%clk 00:02:42]} {[%emt 00:00:02]} Ra2 {[%clk 00:02:31]} {[%emt
00:00:05]} 21. c3 {[%clk 00:02:42]} Bb7 {[%clk 00:02:25]} {[%emt 00:00:08]} 22.
Qd2 {[%clk 00:02:25]} {[%emt 00:00:19]} Qa8 {[%clk 00:02:23]} {[%emt 00:00:04]}
23. Red1 {[%clk 00:02:26]} Rb8 {[%clk 00:02:04]} {[%emt 00:00:21]} 24. Bf4
{[%clk 00:02:15]} {[%emt 00:00:13]} b4 {[%clk 00:01:59]} {[%emt 00:00:07]} 25.
c4 {[%clk 00:02:03]} {[%emt 00:00:14]} Ba6 {[%clk 00:01:47]} {[%emt 00:00:15]}
26. Rdc1 {[%clk 00:02:01]} {[%emt 00:00:03]} b3 {[%clk 00:01:26]} {[%emt
00:00:23]} 27. Bg5 {[%clk 00:01:48]} {[%emt 00:00:14]} Ne8 {[%clk 00:01:22]}
{[%emt 00:00:07]} 28. h4 {[%clk 00:00:56]} {[%emt 00:00:54]} Rb4 {[%clk
00:01:21]} {[%emt 00:00:04]} 29. h5 {[%clk 00:00:50]} {[%emt 00:00:07]} Rxc4
{[%clk 00:01:12]} {[%emt 00:00:11]} 30. hxg6 {[%clk 00:00:46]} {[%emt
00:00:06]} hxg6 {[%clk 00:01:12]} {[%emt 00:00:02]} 31. Bxf6 {[%clk 00:00:45]}
{[%emt 00:00:03]} Nxf6 {[%clk 00:00:57]} {[%emt 00:00:17]} 32. Qh6 {[%clk
00:00:26]} {[%emt 00:00:21]} Rxc1+ {[%clk 00:00:46]} {[%emt 00:00:12]} 33. Nxc1
{[%clk 00:00:27]} {[%emt 00:00:02]} Qe8 {[%clk 00:00:44]} {[%emt 00:00:04]} 34.
Nxb3 {[%clk 00:00:16]} {[%emt 00:00:13]} Bd3 {[%clk 00:00:41]} {[%emt
00:00:06]} 35. Re1 {[%clk 00:00:09]} {[%emt 00:00:09]} Rxb2 {[%clk 00:00:39]}
{[%emt 00:00:03]} 36. Na5 {[%clk 00:00:10]} {[%emt 00:00:01]} Be4 {[%clk
00:00:27]} {[%emt 00:00:14]} 37. Bxe4 {[%clk 00:00:10]} {[%emt 00:00:02]} fxe4
{[%clk 00:00:28]} 38. Rd1 {[%clk 00:00:11]} {[%emt 00:00:01]} Rxf2 {[%clk
00:00:27]} {[%emt 00:00:03]} 39. Nc6 {[%clk 00:00:10]} {[%emt 00:00:03]} e3
{[%clk 00:00:24]} {[%emt 00:00:05]} 40. Qxe3 {[%clk 00:00:11]} {[%emt
00:00:02]} Rf5 {[%clk 00:00:23]} {[%emt 00:00:03]} 41. Qb3 {[%clk 00:00:08]}
{[%emt 00:00:05]} Ng4 {[%clk 00:00:18]} {[%emt 00:00:07]} 42. Qb7 {[%clk
00:00:08]} {[%emt 00:00:02]} Kf8 {[%clk 00:00:17]} {[%emt 00:00:03]} 43. Ra1
{[%clk 00:00:08]} {[%emt 00:00:02]} Kg7 {[%clk 00:00:15]} {[%emt 00:00:03]} 44.
Nxe7 {[%clk 00:00:08]} {[%emt 00:00:02]} Rh5 {[%clk 00:00:10]} {[%emt
00:00:07]} 45. Nf5+ {[%clk 00:00:07]} {[%emt 00:00:03]} Kf6 {[%clk 00:00:11]}
{[%emt 00:00:02]} 46. Ng3 {[%clk 00:00:05]} {[%emt 00:00:04]} Rf5 {[%clk
00:00:08]} {[%emt 00:00:05]} 47. Nxf5 {[%clk 00:00:05]} {[%emt 00:00:01]} gxf5
{[%clk 00:00:09]} 48. Ra7 {[%clk 00:00:05]} {[%emt 00:00:02]} Qh8 {[%clk
00:00:08]} {[%emt 00:00:03]} 49. Qf7+ {[%clk 00:00:06]} {[%emt 00:00:02]} Ke5
{[%clk 00:00:09]} {[%emt 00:00:01]} 50. Qg7+ {[%clk 00:00:07]} {[%emt
00:00:01]} Qxg7 {[%clk 00:00:10]} 51. Rxg7 {[%clk 00:00:07]} Nf6 {[%clk
00:00:11]} {[%emt 00:00:01]} 52. e7 {[%clk 00:00:08]} {[%emt 00:00:02]} Kxd5
{[%clk 00:00:11]} {[%emt 00:00:01]} 53. Rg8 {[%clk 00:00:09]} c4 {[%clk
00:00:11]} {[%emt 00:00:02]} 54. e8=Q {[%clk 00:00:08]} {[%emt 00:00:03]} Nxe8
{[%clk 00:00:12]} {[%emt 00:00:01]} 55. Rxe8 {[%clk 00:00:09]} {[%emt
00:00:01]} Kd4 {[%clk 00:00:13]} {[%emt 00:00:01]} 56. Kf2 {[%clk 00:00:11]} d5
{[%clk 00:00:13]} {[%emt 00:00:02]} 57. Ke2 {[%clk 00:00:12]} c3 {[%clk
00:00:13]} {[%emt 00:00:02]} 58. Rc8 {[%clk 00:00:13]} {[%emt 00:00:01]} f4
{[%clk 00:00:14]} {[%emt 00:00:01]} 59. Rc7 {[%clk 00:00:12]} {[%emt 00:00:02]}
1-0

[Event "World Youth & Cadets Blitz Championships"]
[Site "Rhodes, Greece"]
[Date "2022.05.03"]
[Round "1.3"]
[White "Kovalskyi, Roman"]
[Black "Petrovskyi, Vadym"]
[Result "0-1"]
[TimeControl "5'/game & 2\"/move"]
[WhiteElo "1897"]
[BlackElo "2400"]

1. e4 {[%emt 15:18:20]} c5 {[%emt 00:00:01]} 2. b3 {[%clk 00:00:00]} {[%emt
00:00:01]} Nc6 {[%clk 00:04:55]} {[%emt 00:00:17]} 3. Bb2 {[%clk 00:05:02]}
{[%emt 00:00:02]} Nf6 {[%clk 00:04:50]} {[%emt 00:00:07]} 4. e5 {[%clk
00:04:45]} {[%emt 00:00:19]} Nd5 {[%clk 00:04:51]} {[%emt 00:00:02]} 5. Nf3
{[%clk 00:04:46]} {[%emt 00:00:01]} g6 {[%clk 00:04:25]} {[%emt 00:00:28]} 6.
Ng5 {[%clk 00:03:19]} {[%emt 00:01:30]} f6 {[%clk 00:03:10]} {[%emt 00:01:17]}
7. Bc4 {[%clk 00:03:01]} {[%emt 00:00:19]} fxg5 {[%clk 00:02:38]} {[%emt
00:00:34]} 8. Bxd5 {[%clk 00:03:02]} {[%emt 00:00:01]} Bg7 {[%clk 00:02:36]}
{[%emt 00:00:05]} 9. Qf3 {[%clk 00:02:34]} {[%emt 00:00:29]} e6 {[%clk
00:01:55]} {[%emt 00:00:43]} 10. Bxc6 {[%emt 00:00:04]} dxc6 {[%clk 00:01:51]}
{[%emt 00:00:03]} 11. O-O {[%clk 00:02:25]} {[%emt 00:00:13]} Qd5 {[%clk
00:01:49]} {[%emt 00:00:03]} 12. Qe3 {[%clk 00:02:21]} {[%emt 00:00:06]} O-O
{[%clk 00:01:44]} {[%emt 00:00:07]} 13. Re1 {[%clk 00:01:54]} {[%emt 00:00:29]}
Rf5 {[%clk 00:01:34]} {[%emt 00:00:12]} 14. Na3 {[%clk 00:01:43]} {[%emt
00:00:14]} b6 {[%clk 00:01:12]} {[%emt 00:00:24]} 15. Nc4 {[%clk 00:01:37]}
{[%emt 00:00:08]} Bf8 {[%clk 00:00:55]} {[%emt 00:00:18]} 16. Qg3 {[%clk
00:01:29]} {[%emt 00:00:09]} h5 {[%clk 00:00:31]} {[%emt 00:00:27]} 17. Ne3
{[%clk 00:01:10]} {[%emt 00:00:22]} Qd8 {[%clk 00:00:32]} {[%emt 00:00:01]} 18.
Nxf5 {[%clk 00:00:35]} {[%emt 00:00:37]} gxf5 {[%clk 00:00:33]} {[%emt
00:00:01]} 19. Qf3 {[%clk 00:00:36]} g4 {[%clk 00:00:30]} {[%emt 00:00:05]} 20.
Qxc6 {[%clk 00:00:37]} {[%emt 00:00:02]} Bd7 {[%clk 00:00:31]} {[%emt
00:00:01]} 21. Qb7 {[%clk 00:00:30]} {[%emt 00:00:07]} Rb8 {[%clk 00:00:31]}
{[%emt 00:00:04]} 22. Qa6 {[%clk 00:00:30]} Bc6 {[%clk 00:00:32]} {[%emt
00:00:01]} 23. Rad1 {[%clk 00:00:11]} {[%emt 00:00:21]} Qd7 {[%clk 00:00:21]}
{[%emt 00:00:13]} 24. d4 {[%clk 00:00:11]} {[%emt 00:00:02]} Bb5 {[%clk
00:00:23]} 25. Qa3 {[%clk 00:00:08]} {[%emt 00:00:04]} c4 {[%clk 00:00:21]}
{[%emt 00:00:04]} 26. b4 {[%clk 00:00:09]} {[%emt 00:00:01]} a5 {[%clk
00:00:20]} {[%emt 00:00:03]} 27. Bc3 {[%clk 00:00:09]} {[%emt 00:00:02]} Qd5
{[%clk 00:00:17]} {[%emt 00:00:06]} 28. Kh1 {[%clk 00:00:04]} {[%emt 00:00:06]}
Bc6 {[%clk 00:00:16]} {[%emt 00:00:03]} 29. Rg1 {[%clk 00:00:06]} {[%emt
00:00:01]} h4 {[%clk 00:00:17]} 30. h3 {[%clk 00:00:04]} {[%emt 00:00:04]} gxh3
{[%clk 00:00:14]} {[%emt 00:00:05]} 31. Be1 {[%clk 00:00:04]} {[%emt 00:00:03]}
hxg2+ {[%clk 00:00:15]} 32. Kh2 {[%clk 00:00:05]} Bh6 {[%clk 00:00:13]} {[%emt
00:00:04]} 33. bxa5 {[%clk 00:00:05]} {[%emt 00:00:02]} Bf4+ {[%clk 00:00:14]}
34. Kh3 {[%clk 00:00:06]} bxa5 {[%clk 00:00:05]} {[%emt 00:00:11]} 35. Bd2
{[%clk 00:00:07]} {[%emt 00:00:01]} Bxd2 {[%clk 00:00:05]} {[%emt 00:00:02]} 36.
Rxd2 {[%clk 00:00:08]} {[%emt 00:00:02]} Kf7 {[%clk 00:00:06]} {[%emt
00:00:01]} 37. Qe3 {[%clk 00:00:06]} {[%emt 00:00:03]} Rg8 {[%clk 00:00:07]}
{[%emt 00:00:01]} 38. Qh6 {[%clk 00:00:06]} {[%emt 00:00:03]} Qf3+ {[%clk
00:00:08]} 39. Kh2 {[%clk 00:00:07]} {[%emt 00:00:02]} Bd5 {[%clk 00:00:05]}
{[%emt 00:00:05]} 40. Qe3 {[%clk 00:00:05]} {[%emt 00:00:03]} Qg4 {[%clk
00:00:04]} {[%emt 00:00:03]} 41. Qh3 {[%clk 00:00:05]} {[%emt 00:00:02]} Qf4+
{[%clk 00:00:05]} {[%emt 00:00:02]} 42. Qg3 {[%clk 00:00:04]} {[%emt 00:00:03]}
hxg3+ {[%clk 00:00:06]} 43. fxg3 {[%clk 00:00:05]} Qxg3# {[%clk 00:00:07]} 0-1

[Event "World Youth & Cadets Blitz Championships"]
[Site "Rhodes, Greece"]
[Date "2022.05.03"]
[Round "1.4"]
[White "Garner, Isaac"]
[Black "Ribeiro, Gustavo"]
[Result "1-0"]
[TimeControl "5'/game & 2\"/move"]
[WhiteElo "2283"]
[BlackElo "1873"]

1. e4 {[%clk 00:05:02]} {[%emt 00:00:01]} g6 {[%clk 00:04:59]} {[%emt
00:00:06]} 2. d4 {[%clk 00:04:59]} {[%emt 00:00:05]} Bg7 {[%clk 00:04:59]}
{[%emt 00:00:01]} 3. Nf3 {[%clk 00:04:51]} {[%emt 00:00:10]} c5 {[%clk
00:04:53]} {[%emt 00:00:09]} 4. dxc5 {[%clk 00:04:51]} {[%emt 00:00:02]} Qa5+
{[%clk 00:04:52]} {[%emt 00:00:04]} 5. c3 {[%clk 00:04:52]} {[%emt 00:00:01]}
Qxc5 {[%clk 00:04:52]} {[%emt 00:00:01]} 6. Na3 {[%clk 00:04:53]} {[%emt
00:00:01]} Bxc3+ {[%clk 00:04:20]} {[%emt 00:00:34]} 7. bxc3 {[%clk 00:04:49]}
{[%emt 00:00:06]} Qxc3+ {[%clk 00:04:20]} {[%emt 00:00:01]} 8. Qd2 {[%clk
00:03:34]} {[%emt 00:01:18]} Qxa1 {[%clk 00:04:20]} {[%emt 00:00:02]} 9. Nb5
{[%clk 00:02:34]} {[%emt 00:01:02]} Qb1 {[%clk 00:02:54]} {[%emt 00:01:28]} 10.
Bd3 {[%clk 00:02:13]} {[%emt 00:00:24]} Qa1 {[%clk 00:02:52]} {[%emt 00:00:03]}
11. O-O {[%clk 00:01:16]} {[%emt 00:01:00]} Qg7 {[%clk 00:02:35]} {[%emt
00:00:19]} 12. Bb2 {[%clk 00:01:15]} {[%emt 00:00:02]} f6 {[%clk 00:02:30]}
{[%emt 00:00:07]} 13. Nc7+ {[%clk 00:01:16]} {[%emt 00:00:01]} Kd8 {[%clk
00:02:31]} 14. Nxa8 {[%clk 00:01:17]} {[%emt 00:00:01]} b6 {[%clk 00:02:09]}
{[%emt 00:00:25]} 15. Rc1 {[%clk 00:00:49]} {[%emt 00:00:30]} Bb7 {[%clk
00:01:26]} {[%emt 00:00:45]} 16. Nc7 {[%clk 00:00:49]} {[%emt 00:00:01]} Nc6
{[%clk 00:01:25]} {[%emt 00:00:03]} 17. Ne6+ {[%clk 00:00:34]} {[%emt
00:00:17]} dxe6 {[%clk 00:01:09]} {[%emt 00:00:18]} 18. Bb5+ {[%emt 00:00:02]}
Ke8 {[%clk 00:00:55]} {[%emt 00:00:15]} 19. Bxc6+ Bxc6 {[%clk 00:00:56]} 20.
Rxc6 {[%clk 00:00:28]} g5 {[%clk 00:00:47]} {[%emt 00:00:11]} 21. Rxe6 {[%clk
00:00:25]} {[%emt 00:00:05]} h5 {[%clk 00:00:28]} {[%emt 00:00:21]} 22. Nd4
{[%clk 00:00:23]} {[%emt 00:00:04]} Qf7 {[%clk 00:00:25]} {[%emt 00:00:05]} 23.
Qc2 {[%clk 00:00:22]} {[%emt 00:00:02]} Kf8 {[%clk 00:00:24]} {[%emt 00:00:04]}
24. Qc8+ {[%clk 00:00:23]} 1-0

[Event "World Youth & Cadets Blitz Championships"]
[Site "Rhodes, Greece"]
[Date "2022.05.03"]
[Round "1.5"]
[White "Skrbec, Leon"]
[Black "Laux, Dominik"]
[Result "0-1"]
[TimeControl "5'/game & 2\"/move"]
[WhiteElo "1851"]
[BlackElo "2231"]

1. d4 {[%clk 00:05:01]} {[%emt 00:00:02]} d5 {[%clk 00:05:03]} {[%emt
00:00:01]} 2. c4 {[%clk 00:04:58]} c6 {[%clk 00:05:05]} {[%emt 00:00:06]} 3.
Nc3 {[%clk 00:04:55]} Nf6 {[%clk 00:05:06]} {[%emt 00:00:06]} 4. Bg5 {[%clk
00:04:47]} dxc4 {[%clk 00:05:02]} {[%emt 00:00:15]} 5. e3 {[%clk 00:04:41]} b5
{[%clk 00:04:51]} {[%emt 00:00:21]} 6. Nf3 {[%clk 00:04:35]} e6 {[%clk
00:04:39]} {[%emt 00:00:22]} 7. Be2 {[%clk 00:04:24]} Bb4 {[%clk 00:04:34]}
{[%emt 00:00:21]} 8. O-O {[%clk 00:04:19]} h6 {[%clk 00:04:16]} {[%emt
00:00:26]} 9. Bh4 {[%clk 00:04:17]} g5 {[%clk 00:04:04]} {[%emt 00:00:18]} 10.
Bg3 {[%clk 00:04:18]} Bxc3 {[%clk 00:04:05]} {[%emt 00:00:02]} 11. bxc3 {[%clk
00:04:18]} Ne4 {[%clk 00:04:06]} {[%emt 00:00:03]} 12. Qc2 {[%clk 00:04:18]}
Nxg3 {[%clk 00:04:02]} {[%emt 00:00:09]} 13. hxg3 {[%clk 00:04:18]} Nd7 {[%clk
00:04:01]} {[%emt 00:00:05]} 14. a4 {[%clk 00:04:18]} a6 {[%clk 00:04:00]}
{[%emt 00:00:04]} 15. Rfb1 {[%clk 00:04:07]} Nb6 {[%clk 00:03:27]} {[%emt
00:00:48]} 16. Ne5 {[%clk 00:03:54]} Qc7 {[%clk 00:03:16]} {[%emt 00:00:27]} 17.
Bh5 {[%clk 00:03:33]} O-O {[%clk 00:02:49]} {[%emt 00:00:52]} 18. Qe2 {[%clk
00:02:58]} Nd5 {[%clk 00:02:29]} {[%emt 00:01:01]} 19. Qb2 {[%clk 00:02:43]}
Rb8 {[%clk 00:02:09]} {[%emt 00:00:38]} 20. e4 {[%clk 00:02:34]} Nf6 {[%clk
00:02:10]} {[%emt 00:00:12]} 21. Bf3 {[%clk 00:02:35]} Ra8 {[%clk 00:01:52]}
{[%emt 00:00:21]} 22. g4 {[%clk 00:02:28]} Kg7 {[%clk 00:01:37]} {[%emt
00:00:27]} 23. g3 {[%clk 00:02:25]} Nd7 {[%clk 00:01:15]} {[%emt 00:00:29]} 0-1

[Event "World Youth & Cadets Blitz Championships"]
[Site "Rhodes, Greece"]
[Date "2022.05.03"]
[Round "1.6"]
[White "Trushko, Andrii"]
[Black "Pick, Max"]
[Result "1-0"]
[TimeControl "5'/game & 2\"/move"]
[WhiteElo "2222"]
[BlackElo "1841"]

1. d4 {[%clk 00:05:03]} {[%emt 01:01:34]} d5 {[%clk 00:05:02]} {[%emt
00:00:02]} 2. Bf4 {[%clk 00:05:03]} {[%emt 00:00:02]} Nf6 {[%clk 00:05:01]}
{[%emt 00:00:03]} 3. e3 {[%clk 00:05:04]} {[%emt 00:00:02]} e6 {[%clk
00:04:59]} {[%emt 00:00:03]} 4. Nd2 {[%clk 00:05:02]} {[%emt 00:00:04]} Bd6
{[%clk 00:04:58]} {[%emt 00:00:04]} 5. Ngf3 {[%clk 00:05:02]} {[%emt 00:00:01]}
O-O {[%clk 00:04:47]} {[%emt 00:00:13]} 6. c3 {[%clk 00:05:03]} {[%emt
00:00:01]} h6 {[%clk 00:04:42]} {[%emt 00:00:07]} 7. Bd3 {[%clk 00:05:04]}
{[%emt 00:00:02]} Bxf4 {[%clk 00:04:38]} {[%emt 00:00:05]} 8. exf4 {[%clk
00:05:04]} {[%emt 00:00:02]} c5 {[%clk 00:04:39]} {[%emt 00:00:01]} 9. O-O
{[%clk 00:04:56]} {[%emt 00:00:10]} Nc6 {[%clk 00:04:36]} {[%emt 00:00:05]} 10.
dxc5 {[%clk 00:04:56]} {[%emt 00:00:02]} Qc7 {[%clk 00:04:35]} {[%emt
00:00:03]} 11. g3 {[%clk 00:04:57]} {[%emt 00:00:02]} e5 {[%clk 00:04:10]}
{[%emt 00:00:27]} 12. fxe5 {[%clk 00:04:54]} {[%emt 00:00:04]} Nxe5 {[%clk
00:04:11]} {[%emt 00:00:02]} 13. Nxe5 {[%clk 00:04:54]} {[%emt 00:00:01]} Qxe5
{[%clk 00:04:11]} {[%emt 00:00:02]} 14. Re1 {[%clk 00:04:47]} {[%emt 00:00:09]}
Qc7 {[%clk 00:04:12]} {[%emt 00:00:01]} 15. Nb3 {[%clk 00:04:48]} {[%emt
00:00:02]} a5 {[%clk 00:03:52]} {[%emt 00:00:21]} 16. a4 {[%clk 00:04:43]}
{[%emt 00:00:07]} Bd7 {[%clk 00:03:51]} {[%emt 00:00:04]} 17. Bb5 {[%clk
00:04:42]} {[%emt 00:00:02]} Bxb5 {[%clk 00:03:38]} {[%emt 00:00:15]} 18. axb5
{[%clk 00:04:43]} a4 {[%clk 00:03:39]} {[%emt 00:00:01]} 19. Nd4 {[%clk
00:04:44]} {[%emt 00:00:01]} Qxc5 {[%clk 00:03:35]} {[%emt 00:00:06]} 20. Rxa4
{[%clk 00:04:45]} {[%emt 00:00:01]} Rae8 {[%clk 00:02:55]} {[%emt 00:00:43]} 21.
Ra1 {[%clk 00:04:46]} Rxe1+ {[%clk 00:02:54]} {[%emt 00:00:03]} 22. Qxe1 {[%clk
00:04:47]} Re8 {[%clk 00:02:55]} {[%emt 00:00:01]} 23. Qd2 {[%clk 00:04:45]}
{[%emt 00:00:02]} Ne4 {[%clk 00:02:53]} {[%emt 00:00:05]} 24. Qf4 {[%clk
00:04:46]} {[%emt 00:00:02]} Qd6 {[%clk 00:02:38]} {[%emt 00:00:16]} 25. Qxd6
{[%clk 00:04:28]} {[%emt 00:00:21]} Nxd6 {[%clk 00:02:39]} 26. Rd1 {[%clk
00:04:21]} {[%emt 00:00:08]} Nc8 {[%clk 00:02:00]} {[%emt 00:00:41]} 27. Nf5
{[%clk 00:04:14]} {[%emt 00:00:09]} Nb6 {[%clk 00:01:41]} {[%emt 00:00:22]} 28.
Ne3 {[%clk 00:04:13]} {[%emt 00:00:02]} Rd8 {[%clk 00:01:35]} {[%emt 00:00:08]}
29. Rd4 {[%clk 00:04:10]} {[%emt 00:00:06]} Kf8 {[%clk 00:01:23]} {[%emt
00:00:14]} 30. c4 {[%clk 00:04:10]} {[%emt 00:00:02]} Ke7 {[%clk 00:01:18]}
{[%emt 00:00:07]} 31. c5 {[%clk 00:04:10]} {[%emt 00:00:02]} Nc8 {[%clk
00:00:36]} {[%emt 00:00:43]} 32. Rxd5 {[%clk 00:03:58]} {[%emt 00:00:14]} Rxd5
{[%clk 00:00:23]} {[%emt 00:00:15]} 33. Nxd5+ {[%clk 00:03:59]} Ke6 {[%clk
00:00:25]} {[%emt 00:00:01]} 34. Ne3 {[%clk 00:03:46]} {[%emt 00:00:14]} Na7
{[%clk 00:00:19]} {[%emt 00:00:08]} 35. b6 {[%clk 00:03:42]} {[%emt 00:00:07]}
Nc6 {[%clk 00:00:20]} 36. f4 {[%clk 00:03:39]} {[%emt 00:00:04]} g5 {[%clk
00:00:17]} {[%emt 00:00:05]} 37. Kf2 {[%clk 00:03:40]} f5 {[%clk 00:00:16]}
{[%emt 00:00:03]} 38. Ke2 {[%clk 00:03:40]} {[%emt 00:00:02]} g4 {[%clk
00:00:16]} {[%emt 00:00:03]} 39. Kd3 {[%clk 00:03:39]} {[%emt 00:00:03]} h5
{[%clk 00:00:15]} {[%emt 00:00:03]} 40. Kc4 {[%clk 00:03:40]} {[%emt 00:00:01]}
Na5+ {[%clk 00:00:14]} {[%emt 00:00:03]} 41. Kc3 {[%clk 00:03:41]} Nc6 {[%clk
00:00:15]} 42. b4 {[%clk 00:03:42]} {[%emt 00:00:01]} Ne7 {[%clk 00:00:14]}
{[%emt 00:00:02]} 43. b5 {[%clk 00:03:37]} {[%emt 00:00:07]} Kd7 {[%clk
00:00:12]} {[%emt 00:00:04]} 44. Kd4 {[%clk 00:03:38]} Ke6 {[%clk 00:00:14]}
{[%emt 00:00:01]} 45. Kc4 {[%clk 00:03:25]} {[%emt 00:00:15]} Nc8 {[%clk
00:00:13]} {[%emt 00:00:02]} 46. Kc3 {[%clk 00:03:14]} {[%emt 00:00:13]} Ne7
{[%clk 00:00:14]} {[%emt 00:00:02]} 47. Kd4 {[%clk 00:03:15]} {[%emt 00:00:01]}
Nc8 {[%clk 00:00:14]} {[%emt 00:00:02]} 48. Nd5 {[%clk 00:03:10]} {[%emt
00:00:06]} Kd7 {[%clk 00:00:09]} {[%emt 00:00:08]} 1-0